000 00725njm a2200277 c 4500
003 BLK
005 20240521143351.0
008 180410b bul||n||s|||||||| n|bulo|
010 _aCDD00003726000
040 _aBLK
041 _aBUL
_cENG
100 1 _aJarre, Jean Michel
_eпърви автор
_914054
139 _aJarre, Jean Michel
_bJ 25
245 1 0 _aChronologie [аудио CD]
_cJean Michel Jarre.
257 _aBGR
260 _cS. a.
380 _a7
590 _aS.N: 93072 от КНИГИ
852 _aЦб CD 2352
_p0
856 4 _qpdf
_u
856 4 _qpdf
_u
942 _cCDD
_n0
944 _aCR
_c15.12.2009
_k30570
_lМоника Янева
944 _aED
_c15.12.2009
999 _c221225
_d221225
999 _d221225